000 01225cam a2200301 4500
001 12567
003 BD-RjUL
005 20211208235322.0
008 140129s1962 enk b 101 0 eng
035 _a(BD-RjUL)12616
040 _aDLC
_cDLC
_dDLC
_dBD-RjUL
_beng
041 _aeng
082 0 0 _a616.39
_bMAL
100 1 _aBurgess, Anne,
_939148
245 1 0 _aMalnutrition and food habits;
_breport of an international and interprofessional conference.
_cEdited by Anne Burgess and R. F. A. Dean.
260 _aLondon :
_bTavistock Publications ,
_cc1962.
300 _axix, 210 p. ;
_c23 cm.
500 _a"The conference was sponsored by the Josiah Macy, Jr. Foundation, New York ... It was organized by the World Federation for Mental Health, London, and held during 1960, World Mental Health Year, in Cuernavaca, Mexico."
504 _a"Background papers": p. 203-204.
650 0 _aMalnutrition
_xCongresses.
_939149
650 0 _aFood habits
_xCongresses.
_939150
700 1 _aDean, R. F. A.
_q(Reginald Francis Alfred)
_939151
710 2 _aWorld Federation for Mental Health.
_939152
710 2 _aJosiah Macy, Jr. Foundation.
_937249
942 _2ddc
_cBK
999 _c12567
_d12567